Spanische Tier-Wörter - Statistiken

Allgemein
  • Dieses Quiz wurde 754 mal gespielt
  • Das Durchschnittsergebnis liegt bei 14 aus 24
Antwortstatistiken
Spanish Englisch % Korrekt
Gato Katze
97%
León Löwe
95%
Perro Hund
94%
Toro Stier
93%
Caballo Pferd
88%
Tortuga Schildkröte
78%
Vaca Kuh
72%
Pez Fisch
70%
Araña Spinne
65%
Pájaro Vogel
64%
Burro Esel
60%
Cerdo Schwein
60%
Mariposa Schmetterling
57%
Cabra Ziege
57%
Mono Affe
46%
Gallo Hahn
45%
Abeja Biene
43%
Lobo Wolf
38%
Tiburón Hai
34%
Rana Frosch
31%
Zorro Fuchs
29%
Hormiga Ameise
23%
Medusa Qualle
23%
Lagarto Eidechse
16%
Keine übereinstimmenden Quizze gefunden
Verteilung der Resultate
Anzahl Personen mit jedem Resultat
Perzentil nach korrekt beantworteten Fragen
Ihre Resultats-Entwicklung
Sie haben dieses Quiz noch nicht gespielt